{"text_format":"2","workbook":"xlsx","n_sheets":1,"sheets":["庫存情況"],"not_rendered":{"charts":0,"images":0,"macros":0,"external_links":0,"defined_names":0,"comments":0,"pivot_tables":0},"unopened":[],"bounds":{"document_bytes":16777216,"sheet_cells":100000,"run_cost":"one","rows_first":2000,"rows_last":500,"rows_between":2000,"halvings":0,"cell_chars":16384,"cell_head_chars":4096},"cells_cut":0,"cells_raw":0,"read":"whole","date_system":"1900"}

{"sheet":"庫存情況","index":0,"n_rows":144,"n_cols":14,"rows_kept":144,"cut":false,"hidden":false,"merged":[[142,0,142,3]]}
["公司名稱 : 永佳捷科技有限公司 / 2023/04/13  / 庫存情況"]
["品項編碼","品項名稱[規格]","單位","庫存持有月數","康盛(虛擬倉) ","總公司倉庫(觀音) ","台北大直倉庫 ","庫存數量","入庫單價","出庫單價","入庫單價是否包含稅","出庫單價是否包含稅","金額(庫存數量*入庫單價)","金額(庫存數量*出庫單價)"]
["2JX06301","汐萬路一段(2JX06301)","台","3個月",null,1,null,1,null,null,"包括","包括"]
["2JX06401","永彰舊改(2JX06401)","台","2個月",null,1,null,1,482944,null,"包括","包括",482944]
["2MH00026","吳誌銘(2MH00026)","台","2個月",null,2,null,2,382787,null,"包括","包括",765574]
["2MH00028","昇暘營造有限公司(2MH00028)","台","2個月",null,2,null,2,383940,null,"包括","包括",767880]
["2MW00001","詠大投資有限公司(2MW00001)","台","3個月",null,1,null,1,373221,null,"包括","包括",373221]
["2MW00002","東昀投資有限公司(2MW00002)","台","3個月",null,1,null,1,373217,null,"包括","包括",373217]
["2MW00003","東昀投資有限公司(2MW00003)","台","3個月",null,1,null,1,373217,null,"包括","包括",373217]
["2MW00004","達豐昇建設(2MW00004)","台","3個月",null,1,null,1,405464,null,"包括","包括",405464]
["2MW00005","達豐昇建設(2MW00005)","台","3個月",null,1,null,1,405464,null,"包括","包括",405464]
["2MX00029","福鎮雙星管理委員會(2MX00029)","台","2個月",null,2,null,2,522551,null,"包括","包括",1045102]
["3JX00201","新店劉先生(3JX00201)","台","2個月",null,1,null,1,null,null,"包括","包括"]
["3JX00202","新店劉先生(3JX00202)","台","2個月",null,1,null,1,null,null,"包括","包括"]
["3JX00203","新店劉先生(3JX00203)","台","2個月",null,1,null,1,null,null,"包括","包括"]
["3JX00301","高雄金鹽埕(3JX00301)","台","2個月",null,1,null,1,null,null,"包括","包括"]
["3JX00302","高雄金鹽埕(3JX00302)","台","2個月",null,1,null,1,null,null,"包括","包括"]
["A0001","品項(資訊測試)",null,"6個月以上",null,100,null,100,100,null,"未包括","未包括",10000]
["MX00010001","調速機90M","台","6個月以上",null,2,null,2,3333,10500,"未包括","包括",6666,21000]
["MX00010002","橫流扇","個","6個月以上",null,null,2,2,1286,2800,"未包括","包括",2572,5600]
["MX00010003","電源供應器","個","6個月以上",null,8,6,14,760,2000,"包括","包括",10640,28000]
["MX00010004","九大 門控器","個","6個月以上",null,null,3,3,7619,4500,"未包括","包括",22857,13500]
["MX00010005","變頻 門控器","個","6個月以上",null,null,1,1,7619,9000,"未包括","包括",7619,9000]
["MX00010006","九大 著床開關","個","6個月以上",null,30,null,30,571,1000,"未包括","包括",17130,30000]
["MX00010007","變頻器11KW","個","6個月以上",null,1,null,1,null,50000,"包括","包括",null,50000]
["MX00010008","變頻器15KW","個","6個月以上",null,1,null,1,null,65000,"包括","包括",null,65000]
["MX00010009","變頻器 主機卡 PG卡","片","6個月以上",null,null,1,1,null,8000,"包括","包括",null,8000]
["MX00010010","酷馬一體機 萬 乘場","台","6個月以上",null,null,2,2,1714,3600,"未包括","包括",3428,7200]
["MX00010011","海浦蒙特 一體機 力 感應線(光幕線)","條","6個月以上",null,null,1,1,2381,4500,"未包括","包括",2381,4500]
["MX00010012","LED 停電燈","個","6個月以上",null,null,6,6,71,200,"未包括","包括",426,1200]
["MX00010013","電源供應器","個","6個月以上",null,25,2,27,null,3500,"包括","包括",null,94500]
["MX00010014","愛佳梯物聯網","個","6個月以上",null,100,null,100,2860,5720,"包括","包括",286000,572000]
["MX00010015","SHARP空氣清淨機(IG-002DCT)","個","6個月以上",null,1,null,1,26000,40000,"包括","包括",26000,40000]
["MX00010016","功率晶體","個","6個月以上",null,169,null,169,null,null,"未包括","包括"]
["MX00010017","AMP-708","個","6個月以上",null,1,null,1,null,null,"包括","包括"]
["MX00010018","LOS-503D","個","6個月以上",null,3,null,3,null,null,"包括","包括"]
["MX00010019","門馬達 DC 90V 100W","個","6個月以上",null,1,null,1,null,null,"包括","包括"]
["MX00010020","門馬達 DC 110V 80W","個","6個月以上",null,1,null,1,null,null,"包括","包括"]
["MX00010021","光纖線","條","6個月以上",null,null,2,2,null,null,"包括","包括"]
["MX00010022","九大光電減速開關","個","6個月以上",null,null,2,2,null,null,"包括","包括"]
["MX00010023","面板按鈕(小)","個","6個月以上",null,null,21,21,null,null,"包括","包括"]
["MX00010024","按鈕(大)","個","6個月以上",null,null,12,12,null,null,"包括","包括"]
["MX00010025","海浦蒙特操作器","個","6個月以上",null,null,2,2,null,null,"包括","包括"]
["MX00010026","酷馬操作器","個","6個月以上",null,null,2,2,null,null,"包括","包括"]
["MX00010027","官萬誠操作器","個","6個月以上",null,null,1,1,null,null,"包括","包括"]
["MX00010030","對講機 子機","個","6個月以上",null,21,null,21,138,null,"未包括","包括",2898]
["MX00010031","對講機 母機(車廂)","個","6個月以上",null,21,null,21,138,null,"未包括","包括",2898]
["MX00010032","30A斷路器","桶","6個月以上",null,1,null,1,null,null,"未包括","包括"]
["MX00010034","回升電阻","個","6個月以上",null,7,null,7,null,null,"未包括","包括"]
["MX00010035","平層光電開關 宏匠OS*2441-4","個","6個月以上",null,2,null,2,111,null,"未包括","包括",222]
["MX00020001","彈簧丁雙(HGS-225-2)","個","6個月以上",null,40,null,40,51.45,103,"包括","包括",2058,4120]
["MX00020002","門滑腳(鐵氟龍厚度9.5mm)","個","6個月以上",null,592,null,592,18.9,38,"包括","包括",11188.8,22496]
["MX00030001","官有勇主機PCB (官萬誠 ME-M1FT-F-1)","片","6個月以上",null,1,1,2,7619,16000,"未包括","包括",15238,32000]
["MX00030002","海浦蒙特 一體機 力 乘場顯示板","片","6個月以上",null,null,1,1,1429,3000,"未包括","包括",1429,3000]
["MX00030003","海浦蒙特 一體機 力 車廂顯示板","片","6個月以上",null,null,1,1,1429,3000,"未包括","包括",1429,3000]
["MX00040001","捲揚油 新品","桶","6個月以上",null,5,null,5,138,null,"未包括","包括",690]
["MX00040002","導軌油","桶","6個月以上",null,7,null,7,null,null,"未包括","包括"]
["MX01010002","三菱電梯單雙聯按鈕MTB-02 按鈕 新","個","6個月以上",null,13,null,13,null,null,"未包括","包括"]
["MX01010004","三菱電梯門機馬達VF DOOR馬達","個","6個月以上",null,4,null,4,1905,5000,"未包括","包括",7620,20000]
["MX01010005","三菱電梯 迴受","個","6個月以上",null,null,1,1,null,null,"包括","包括"]
["MX01010006","三菱電梯 著床開關","個","6個月以上",null,20,3,23,null,null,"未包括","包括"]
["MX01010007","三菱電梯 GPS著床開關","個","6個月以上",null,1,null,1,null,null,"未包括","包括"]
["MX01010008","三菱VF外叫按鈕總成(中間樓)","片","6個月以上",null,13,null,13,null,null,"包括","包括"]
["MX01010009","三菱VF外叫按鈕總成(最上、下樓)","片","6個月以上",null,3,null,3,null,null,"包括","包括"]
["MX01010010","三菱車廂按鈕組 MTB-10A","個","6個月以上",null,1,null,1,3321,null,"未包括","包括",3321]
["MX01010011","三菱GPS差動變壓器","組","6個月以上",null,1,null,1,null,null,"未包括","包括"]
["MX01010012","三菱VF門控制光電開關","組","6個月以上",null,1,null,1,null,null,"未包括","包括"]
["MX01030001","三菱電梯驅動板GPS KCR-650","片","6個月以上",null,4,null,4,5714,15000,"未包括","包括",22856,60000]
["MX01030002","三菱電梯驅動板GPS KCR-603","片","6個月以上",null,null,2,2,5714,15000,"未包括","包括",11428,30000]
["MX01030003","三菱電梯驅動板GPS KCR-620","片","6個月以上",null,2,null,2,5714,15000,"未包括","包括",11428,30000]
["MX01030004","三菱電梯驅動板DOR-111b","片","6個月以上",null,null,1,1,17143,20000,"未包括","包括",17143,20000]
["MX01030005","三菱電梯門機接口板GPS DOR-525","片","6個月以上",null,3,null,3,4762,8000,"未包括","包括",14286,24000]
["MX01030006","三菱電梯乘場顯示面板GPS 2C-指示器1組","組","6個月以上",null,5,3,8,9524,20000,"未包括","包括",76192,160000]
["MX01030008","三菱電梯驅動板VF LIR-812","片","6個月以上",null,5,null,5,3810,10000,"未包括","包括",19050,50000]
["MX01030009","三菱電梯驅動板VF LIR-811-D","片","6個月以上",null,null,1,1,3810,10000,"未包括","包括",3810,10000]
["MX01030010","三菱電梯驅動板VF LIR-810-D","片","6個月以上",null,8,1,9,3810,10000,"未包括","包括",34290,90000]
["MX01030011","三菱電梯驅動板VF LIR-810原裝","片","6個月以上",null,1,null,1,3810,16000,"未包括","包括",3810,16000]
["MX01030012","三菱電梯轎箱指令通訊板VF 503-G08(新品)","片","6個月以上",null,12,null,12,571,2500,"未包括","包括",6852,30000]
["MX01030013","三菱電梯轎箱指令通訊板VF 422-G03(新品)","片","6個月以上",null,48,null,48,571,2500,"未包括","包括",27408,120000]
["MX01030014","三菱電梯轎箱指令通訊板VF 422-G02(新品)","片","6個月以上",null,24,null,24,571,2500,"未包括","包括",13704,60000]
["MX01030015","三菱電梯轎箱指令通訊板VF 422-G01(新品)","片","6個月以上",null,6,null,6,571,null,"未包括","包括",3426]
["MX01030016","三菱電梯轎廂轎內顯示板VF LHD-601","片","6個月以上",null,18,null,18,5714,13000,"未包括","包括",102852,234000]
["MX01030018","三菱電梯門機板VF DL2-VCO","片","6個月以上",null,3,4,7,3810,10000,"未包括","包括",26670,70000]
["MX01030019","三菱外顯板 CLHD-683 (VF)","片","6個月以上",null,20,null,20,830,null,"未包括","包括",16600]
["MX01030020","三菱 KCJ-120B","片","6個月以上",null,6,null,6,null,null,"包括","包括"]
["MX01030021","三菱 KCJ-100A","片","6個月以上",null,2,null,2,null,null,"包括","包括"]
["MX01030022","三菱 KCJ-101A","片","6個月以上",null,2,null,2,null,null,"包括","包括"]
["MX01030023","三菱 KCJ-151A","片","6個月以上",null,7,null,7,null,null,"包括","包括"]
["MX01030024","三菱 KCJ-160","片","6個月以上",null,4,null,4,null,null,"包括","包括"]
["MX01030025","三菱 KCJ-103","片","6個月以上",null,1,null,1,null,null,"包括","包括"]
["MX01030026","三菱 KCC-102","片","6個月以上",null,1,null,1,null,null,"包括","包括"]
["MX01030027","三菱 KCA-42A","片","6個月以上",null,3,null,3,null,null,"包括","包括"]
["MX01030028","三菱 KCA-34A","片","6個月以上",null,1,null,1,null,null,"包括","包括"]
["MX01030029","三菱 KCA-601","片","6個月以上",null,1,null,1,null,null,"包括","包括"]
["MX01030030","三菱 KCD-603","片","6個月以上",null,1,null,1,null,null,"包括","包括"]
["MX01030032","三菱外顯示板CLHD-610(VF)","片","6個月以上",null,3,null,3,null,null,"未包括","包括"]
["MX01030033","三菱外顯示板CLHD-693(VF)","片","6個月以上",null,3,null,3,554,null,"未包括","包括",1662]
["MX01030034","三菱外呼板VF 410A-G01","片","6個月以上",null,25,null,25,139,null,"未包括","包括",3475]
["MX01030035","三菱外呼板VF 410A-G02","片","6個月以上",null,30,null,30,138,null,"未包括","包括",4140]
["MX01030036","三菱PCB KCJ-101A","片","6個月以上",null,1,null,1,null,null,"未包括","包括"]
["MX01030037","三菱PCB KCJ-151A","片","6個月以上",null,1,null,1,null,null,"未包括","包括"]
["MX01030038","三菱PCB KCJ-120B 1F","片","6個月以上",null,4,null,4,null,null,"未包括","包括"]
["MX01030039","三菱PCB KCJ-190A","片","6個月以上",null,1,null,1,null,null,"未包括","包括"]
["MX01030040","三菱EP P1主機板","片","6個月以上",null,1,null,1,null,null,"未包括","包括"]
["MX01030041","三菱電梯轎廂通訊板VF 503-G06","片","6個月以上",null,1,null,1,null,null,"未包括","包括"]
["MX01030042","三菱電梯驅動版LIR-810(原裝日)新品","片","6個月以上",null,1,null,1,2768,null,"未包括","包括",2768]
["MX01030043","三菱VF門機板DL4-V2S","片","6個月以上",null,2,null,2,277,null,"未包括","包括",554]
["MX01030044","三菱VF門機板DL3-2S","片","6個月以上",null,1,null,1,277,null,"未包括","包括",277]
["MX02030001","日立電梯主板INV-FIO4","片","6個月以上",null,1,null,1,2768,null,"未包括","包括",2768]
["MX02030002","日立電梯主板INV-MPU","片","6個月以上",null,2,null,2,2768,null,"未包括","包括",5536]
["MX02030003","日立電梯驅動版INV-BDCC3","片","6個月以上",null,3,null,3,2779,null,"未包括","包括",8337]
["MX04010001","永大機電 著床開關","個","6個月以上",null,1,null,1,1429,2000,"未包括","包括",1429,2000]
["MX04010002","永大DELTA按鈕(小)","個","6個月以上",null,null,47,47,null,null,"包括","包括"]
["MX04010003","永大DELTA按鈕(大)","個","6個月以上",null,null,37,37,null,null,"包括","包括"]
["MX04010004","永大 DELTA (濾波器)","個","6個月以上",null,1,null,1,692,null,"未包括","包括",692]
["MX04030001","永大FIO GB板","片","6個月以上",null,1,null,1,7000,30000,"包括","包括",7000,30000]
["MX04030002","永大O16C板","片","6個月以上",null,1,null,1,2800,12000,"包括","包括",2800,12000]
["MX11030001","東芝電梯HLU接口板","片","6個月以上",null,1,null,1,1384,null,"未包括","包括",1384]
["MX11030002","東芝電梯繼電器板 RYB-1A","片","6個月以上",null,3,null,3,1384,null,"未包括","包括",4152]
["MX11030003","東芝電梯接口板 CNU1/0-2A","片","6個月以上",null,1,null,1,1384,null,"未包括","包括",1384]
["MX11030004","東芝電梯IO板D101-2A","片","6個月以上",null,1,null,1,1384,null,"未包括","包括",1384]
["MX21010001","吉鴻按鈕","個","6個月以上",null,null,6,6,null,null,"包括","包括"]
["MX21010002","吉鴻24V電源供應器","個","6個月以上",null,1,null,1,277,null,"未包括","包括",277]
["MX21030001","吉鴻電梯廂上PCB","片","6個月以上",null,null,3,3,1143,3600,"未包括","包括",3429,10800]
["MX21030002","吉鴻電梯乘場PCB","片","6個月以上",null,null,2,2,1143,null,"未包括","包括",2286]
["MX21030003","吉鴻主機板 新品","片","6個月以上",null,1,null,1,2768,null,"未包括","包括",2768]
["MX22010001","崇友電梯 馬達迴授器","個","6個月以上",null,null,2,2,1714,3600,"未包括","包括",3428,7200]
["MX22010002","崇友乘場顯示+按鈕總成(中間樓)","個","6個月以上",null,3,null,3,null,null,"包括","包括"]
["MX22010003","崇友乘場按鈕總成(中間樓)","個","6個月以上",null,1,null,1,null,null,"包括","包括"]
["MX22010004","崇友乘場按鈕","個","6個月以上",null,26,null,26,null,null,"包括","包括"]
["MX22010005","崇友車廂按鈕","個","6個月以上",null,18,null,18,null,null,"包括","包括"]
["MX22010006","崇友PCB組件 厚膜","個","6個月以上",null,1,null,1,138,null,"未包括","包括",138]
["MX22010007","崇友 OMRON 繼電器","個","6個月以上",null,1,null,1,83,null,"未包括","包括",83]
["MX22030001","崇友乘場米字顯示板","片","6個月以上",null,28,null,28,null,null,"包括","包括"]
["MX22030002","崇友車廂顯示板","片","6個月以上",null,1,null,1,null,null,"包括","包括"]
["MX22030003","崇友 MCU-2A","片","6個月以上",null,1,null,1,null,null,"包括","包括"]
["MX22030004","崇友 MPU-1A","片","6個月以上",null,2,null,2,null,null,"包括","包括"]
["MX22030005","崇友 D102-4B","片","6個月以上",null,1,null,1,null,null,"包括","包括"]
["MX22030006","崇友觸發板(新)BLU-2N","片","6個月以上",null,8,null,8,1384,null,"未包括","包括",11072]
["MX22030007","崇友 MPU-1A板","片","6個月以上",null,2,null,2,1384,null,"未包括","包括",2768]
["MX22030008","崇友 MCU-2A板","片","6個月以上",null,2,null,2,1384,null,"未包括","包括",2768]
["MX23010001","力富特光幕","個","6個月以上",null,1,null,1,3465,8000,"包括","包括",3465,8000]
["合計",{"$nulls":4},1591,182,1773,3894674.35,466161,null,null,5930822.8,2108116]
["2023/04/13  8:51:33"]